000 00314nam a2200121Ia 4500
008 190216s9999||||xx |||||||||||||| ||und||
100 _aLev Kassil & Early Dawn
245 0 _aSoviet Literature For Young People
260 _bForeign Languages Pub
_c1987
300 _a350p
650 _aSpeeches
942 _cBK
999 _c12034
_d12034